Pořád chce na konci zemřít /
Příběh dvou přátel, z nichž jeden chce spáchat sebevraždu a druhý mu v tom chce zabránit. Ze série Hodina smrti.
Uloženo v:
| Série: | Hodina smrti,
část 3 |
|---|---|
| Hlavní autor: | |
| Další autoři: | |
| Médium: | Kniha |
| Jazyk: | Czech |
| Vydáno: |
V Praze :
CooBoo,
2026
|
| Vydání: | 1. vydání |
| Témata: | |
| Celkem bylo vypůjčeno: | 0x |
| Příbuzné jednotky: | Z cyklu::
Hodina smrti |
| Tagy: |
Žádné tagy |
| LEADER | 02549nam a2200529 i 4500 | ||
|---|---|---|---|
| 001 | 106495 | ||
| 003 | CZ PrNK | ||
| 005 | 20260604162551.0 | ||
| 007 | ta | ||
| 008 | 260528s2026 xr d 000 f cze | ||
| 015 | |a cnb003759125 | ||
| 020 | |a 9788026742401 |q (brožováno) : |c Kč 599,00 | ||
| 040 | |a ABG001 |b cze |e rda | ||
| 041 | 1 | |a cze |h eng | |
| 072 | 7 | |a 821.111(73)-3 |x Americká próza |2 Konspekt |9 25 | |
| 072 | 7 | |a 821-93 |x Literatura pro děti a mládež (beletrie) |2 Konspekt |9 26 | |
| 080 | |a 821.111(73)-31 |2 MRF | ||
| 080 | |a 821-9-055.3/.4 |2 MRF | ||
| 080 | |a 821-93-053.67 |2 MRF | ||
| 080 | |a 821-93 |2 MRF | ||
| 080 | |a (0:82-31) |2 MRF | ||
| 100 | 1 | |a Silvera, Adam, |d 1990- |7 xx0222663 |4 aut |9 111210 | |
| 240 | 1 | 0 | |a Survivor wants to die at the end. |l Česky |
| 245 | 1 | 0 | |a Pořád chce na konci zemřít / |c Adam Silvera ; přeložila Kateřina Hajžmanová |
| 250 | |a 1. vydání | ||
| 264 | 1 | |a V Praze : |b CooBoo, |c 2026 | |
| 300 | |a 686 stran ; |c 20 cm | ||
| 336 | |a text |b txt |2 rdacontent | ||
| 337 | |a bez média |b n |2 rdamedia | ||
| 338 | |a svazek |b nc |2 rdacarrier | ||
| 500 | |a Přeloženo z angličtiny | ||
| 520 | 2 | |a Příběh dvou přátel, z nichž jeden chce spáchat sebevraždu a druhý mu v tom chce zabránit. Ze série Hodina smrti. |b Paz každou noc čeká, až se mu ozve Hodina smrti a jeho osamělý život bude u konce. Když se nakonec rozhodne dokázat, že zemřít může i bez jejich svolení, na scéně se objeví Alano a zachrání ho. Dědic Hodiny smrti má pocit, že celá jeho existence podléhá kontrole jeho otce. Když osud Alana a Paze propojí, oba pochopí, že přišel čas žít podle svého. Ale podaří se jim všechno přestát tak, aby tentokrát na konci nikdo nezemřel? Nakladatelská anotace. | |
| 655 | 7 | |a americké romány |7 fd131796 |2 czenas |9 53403 | |
| 655 | 7 | |a queer literatura |7 fd1230250 |2 czenas | |
| 655 | 7 | |a literatura young adult |7 fd1185572 |2 czenas |9 114939 | |
| 655 | 7 | |a publikace pro mládež |7 fd133157 |2 czenas |9 110 | |
| 655 | 9 | |a American fiction |2 eczenas | |
| 655 | 9 | |a queer literature |2 eczenas | |
| 655 | 9 | |a young adult literature |2 eczenas | |
| 655 | 9 | |a juvenile literature |2 eczenas | |
| 700 | 1 | |a Hajžmanová, Kateřina, |d 1993- |7 kv2016937039 |4 trl |9 114257 | |
| 710 | 2 | |a CooBoo (nakladatelství) |7 xx0255713 |4 pbl |9 117181 | |
| 787 | 0 | 8 | |i Z cyklu: |t Hodina smrti |g 3 |
| 910 | |a UOG502 | ||
| 942 | |2 ddc |c KN | ||
| 999 | |d 106495 | ||
| 993 | |0 0 |1 421180107215 |2 ddc |4 0 |7 0 |9 99939 |b 0 |c 107215 |d 2026-06-04 |e 0 |f DOSP |h 599.00 |i Koupě |l DOSP |r 2026-06-04 |t 6 |w 2026-06-04 |y KN |z BELETM |n | ||